Normal view
MARC view
Entry Personal Name
001 - CONTROL NUMBER
- control field: 650
003 - CONTROL NUMBER IDENTIFIER
- control field: dpl
005 - DATE AND TIME OF LATEST TRANSACTION
- control field: 20100722121822.0
008 - FIXED-LENGTH DATA ELEMENTS
- fixed length control field: 100722|||a|||||| | ||| d
040 ## - CATALOGING SOURCE
- Original cataloging agency: dpl
- Transcribing agency: dpl
100 ## - HEADING--PERSONAL NAME
- Personal name: Rajesh Kumar
670 ## - SOURCE DATA FOUND
- Source citation: Work cat.: (dpl): Rajesh Kumar, How to report and write
670 ## - SOURCE DATA FOUND
- Source citation: Work cat.: (dpl): Rajesh Kumar, How to report and write
